00330pab a2200121 454500008004000000100001800040245003900058260000900097300001300106650003000119650002300149773003600172180718b2002 xxu||||| |||| 00| 0 eng d aHoa, Tran Van aEconomic crisis management in Asia c2002 ap.21-38. aEconomic recession - Asia aEconomic recession aSocial Science Research Journal